000 00932nam a22001337a 4500
040 _cRUA
082 _aAVM MON 2010 B093 Or.1
100 _aMON, YEN.
245 _aThe effect of shrimp and tomato (sotanumlycoper sicunml) by product supplemented to HI-GRO feed on the growth of avian at the royal university of agriculture, ឥទ្ធិពលនៃការបន្ថែមអនុផល​​និងសំនល់ប៉េងប៉ោះស្រសល់លើចំណីផ្សំ ស៊ី ភី លើការលូតលាស់របស់មាន់សាច់ពូជ AVIAN នៅស្ថានីយពិសោធន៍សត្វនៃសាកលវិទ្យាល័យភូមិន្ទកសិកម្ម
260 _aPhnom Penh
_bRUA
_c2010
300 _ax; 37p.
_bill.
_c29cm.
856 _uhttps://drive.google.com/file/d/1q-Q4QtaNh5vD2riEaYsuZL2tyKJMRzyK/view?usp=sharing
942 _cAVM
999 _c2398
_d2398